• 首页
  • 本馆介绍
  • 公告通知
  • 最新文献
  • 馆藏检索
  • 电子资源
  • 读者导购
  • 参考咨询
  • 我的图书馆
  • 登录
  • 详细信息显示
  • 放入我的书架
  • 预约/预借图书
  • 作者相关作品
  • 分类相关作品
  • 丛书相关作品
  • 出版社相关作品

书目信息

  • 表格格式
  • 工作单格式
  • 卡片格式
题名:
学前教育改革与发展研究
    
 
作者: 彭莉洁 著
分册:  
出版信息: 北京   中国华侨出版社  2021.09
页数: 176页
开本: 26cm
丛书名: 高校青年学者文库
单 册:
中图分类: G619.21
科图分类:
主题词: 学前教育--教育改革--研究--中国 , 学前教育--发展--研究--中国
电子资源:
ISBN: 978-7-5113-8484-3
000 01180nam0 2200253 450
001 012001002595
005 20141203163846.0
010    @a978-7-5113-8484-3@dCNY59.80
100    @a20220905d2021 em y0chiy50 ea
101 0  @achi
102    @aCN@b110000
105    @ay z 000yy
106    @ar
200 1  @a学前教育改革与发展研究@Axue qian jiao yu gai ge yu fa zhan yan jiu@f彭莉洁著
210    @a北京@c中国华侨出版社@d2021.09
215    @a176页@d26cm
225 1  @a高校青年学者文库
330    @a本书属于学前教育改革与发展研究方面的著作,由学前教育概述,学前教育的性质、任务及目标,学前教育的基本原则、内容和方法,学前教育投入状况的改革,学前教育管理改革,多元视角下的学前教育课程,多元视角下的学前教育质量研究,幼儿园与家庭、社区、小学教育的合作与衔接,当今学前教育发展趋势等部分构成。全书主要研究学前教育的性质与任务,分析学前教育的基本原则与方法,阐述多元视角下学前教育的课程与教育质量及其发展趋势,对从事研究学前教育专业的学者与教育工作者有学习和参考的价值。
606 0  @a学前教育@x教育改革@x研究@y中国
606 0  @a学前教育@x发展@x研究@y中国
690    @aG619.21@v5
701  0 @a彭莉洁@Apeng li jie@4著
801  0 @aCN@bAHXH@c20221111
905    @b1376926-8@dG619.21@e2833@f3
    
    学前教育改革与发展研究/彭莉洁著.-北京:中国华侨出版社,2021.09
    176页;26cm.-(高校青年学者文库)
    
    
    ISBN 978-7-5113-8484-3:CNY59.80
    本书属于学前教育改革与发展研究方面的著作,由学前教育概述,学前教育的性质、任务及目标,学前教育的基本原则、内容和方法,学前教育投入状况的改革,学前教育管理改革,多元视角下的学前教育课程,多元视角下的学前教育质量研究,幼儿园与家庭、社区、小学教育的合作与衔接,当今学前教育发展趋势等部分构成。全书主要研究学前教育的性质与任务,分析学前教育的基本原则与方法,阐述多元视角下学前教育的课程与教育质量及其发展趋势,对从事研究学前教育专业的学者与教育工作者有学习和参考的价值。
●
相关链接 在E读中查询图书 在五车中查询图书 在当当中查询图书 在豆瓣中查询图书


正题名:学前教育改革与发展研究     索取号:G619.21/2833         预约/预借

序号 登录号 条形码 馆藏地/架位号 状态 备注
1 1376926   213769260   第一样本阅览室/ [索取号:G619.21/2833] 在馆    
2 1376927   213769279   第四借阅区/ [索取号:G619.21/2833] 在馆    
3 1376928   213769288   第四借阅区/ [索取号:G619.21/2833] 在馆    
唐山师范学院图书馆 欢迎您!
大连网信软件有限公司© 版权所有